| 000 | 00199nam a22000737a 4500 | ||
|---|---|---|---|
| 999 |
_c24159 _d24159 |
||
| 003 | Nust | ||
| 005 | 20170511133550.0 | ||
| 008 | 140508b xxu||||| |||| 00| 0 eng d | ||
| 020 |
_cAvailable _a0124898513 |
||
| 040 |
_aDLC _bDLC _cRCMS |
||
| 082 |
_22nd ed. / _a530.028 MEL |
||
| 100 |
_aMelissinos C, Adrian _9493 |
||
| 245 |
_aExperiments in modern physics _cMelissinos,Adrian C |
||
| 250 | _a2nd ed. / | ||
| 260 |
_aSan Diego : _bAcademic Press, _cc2003 |
||
| 300 |
_axviii, 527 p. : _bill. ; _c24,cm. |
||
| 538 | _iShelf # 13, Row # 2, Fiction. | ||
| 648 |
_xExperiments. _9494 |
||
| 650 |
_aPhysics _9190 |
||
| 700 |
_aNapolitano, Jim. _9495 |
||
| 856 | _3Table of Content Only | ||
| 942 |
_2ddc _cFIC |
||